| 000 | 00515nam a2200205Ia 4500 | ||
|---|---|---|---|
| 005 | 20240823031328.0 | ||
| 008 | 240823s9999||||xx |||||||||||||| ||und|| | ||
| 020 | _a978-0-07-062003-2 | ||
| 041 | _aENGLISH | ||
| 082 | _A658.403811 P8 | ||
| 100 | _aJames A . O'Brien | ||
| 245 | 0 | _aManagement Information System | |
| 250 | _a7th | ||
| 260 |
_c2008 _b"Tata Mcgraw Hill,New " |
||
| 500 | _aYES | ||
| 650 |
_aManagement _bManagement Studies |
||
| 700 | _a" Marakas,George M" | ||
| 942 | _cBK | ||
| 999 |
_c190809 _d190809 |
||